000 00533nam a2200193Ia 4500
999 _c1878
_d1878
003 OSt
005 20200930113658.0
008 190216s9999||||xx |||||||||||||| ||und||
020 _a9781741140521
040 _coclc
082 _a615.321
_bPEN/C
100 _aPengelly, Andrew
_95191
245 4 _aThe Constituents Of Medicinal Plants /
_cAndrew Pengelly
250 _a2nd Ed.
260 _bAllen &unwin,
_c2006.
300 _a172p
650 _aBotany
942 _cBK
_2ddc
_h615.321
_iPEN/C
_k615.321
_mPEN/C